| 000 | 00461nam a22001577a 4500 | ||
|---|---|---|---|
| 005 | 20260318162106.0 | ||
| 008 | 260318b |||||||| |||| 00| 0 eng d | ||
| 020 | _a978-9914-40-861-4 | ||
| 100 | _aWAKOLI DAVID | ||
| 245 | _aSPECIAL NEEDS EDUCATION:COMPETENCY--BASED CURRICULUM MAINSTREAMING | ||
| 260 |
_aNAIROBI _bSYNTEC PUBLISHERS _c2021 |
||
| 300 | _ax,178P. | ||
| 500 | _aINCLUDES BIBLIOGRAPHIC REFERENCES | ||
| 700 | _aMASIBO EDWIN | ||
| 942 |
_2lcc _cBK |
||
| 999 |
_c216847 _d216847 |
||